Matemáticas avanzadas para ingeniería.

Uloženo v:
Podrobná bibliografie
Hlavní autor: Zill, Dennis G (autor)
Další autoři: Wright, Warren S (autor)
Médium: Kniha
Vydáno: México D.F., México: McGraw-Hill Interamericana, 2012.
Vydání:Cuarta edición.
Témata:
Tagy: Přidat tag
Žádné tagy, Buďte první, kdo vytvoří štítek k tomuto záznamu!

MARC

LEADER 00000nam a22000007a 4500
003 CL-VaPUC
005 20240924155931.0
008 240904t2012 ||||| |||| 00| 0 eng d
999 |c 444614  |d 444612 
020 |a 978-607-15-0772-3 
040 |c Pontificia Universidad Católica de Valparaíso 
082 0 4 |a 515 ZIL 2012  |2 21 
100 |a Zill, Dennis G  |e autor  |9 891042 
245 1 0 |a Matemáticas avanzadas para ingeniería. 
250 |a Cuarta edición. 
260 |a México D.F., México:  |b McGraw-Hill Interamericana,  |c 2012. 
300 |a xxxiii, 697 páginas.  
500 |a c.1 Donación Sr. Carlos Cabezas MEMO Nº4/2024 Biblioteca de Matemáticas 14-8-2024 
583 |c 20240904  |k GC 
650 0 |a Análisis de Fourier  |9 260464 
650 0 |a Análisis complejo   |9 260214 
650 0 |a Cálculo vectorial   |9 408406 
650 0 |a Análisis vectorial   |9 260451 
700 |a Wright, Warren S  |e autor  |9 891043 
942 |c BK  |2 ddc 
952 |0 0  |1 0  |2 ddc  |4 0  |6 515_000000000000000_ZIL_2012  |7 0  |8 A  |9 596610  |a BIBMAT  |b BIBMAT  |d 2024-09-04  |e Donación   |i 5662633  |l 1  |o 515 ZIL 2012  |p 5662633  |r 2025-01-07  |s 2024-09-27  |t 1  |w 2024-09-04  |y BK  |k MAT